MDQL
is popping MORE tags! Check the
thread
!
Quizzes
Events
Quiz Creation
Community
Videos
Private Events
Remove Ads
Sign In
Join for FREE
Feedback
Dark Mode
Quiz Categories
Sports
Geography
Music
Movies
Television
Just For Fun
Miscellaneous
History
Literature
Language
Science
Gaming
Entertainment
Religion
Holiday
For Kids
Quiz Lab
Recent
Popular Today
Quiz Kudos Today
Editor Picks
Curator Picks
Quizzes by...
Day
Popularity
Type
Ratings
Length
Year
Community
Subscriptions
Recent Discussions
Orange Saloon
Badges
Playlists
Quests
Create
Leaderboards
Showdown
Live 5
Trivia Bingo
Activity
Puzzle Library
Sporcle Events
Private Events
Virtual Trivia
Globe League
Become a Host
Pub Owners
SporcleCon
Opinionation
Our Games
Videos
Blog
Mobile Apps
Partnerships
Remove Ads and Go Orange
Feedback
Sports
Athletes
MLB
NBA
NHL
NFL
Soccer
Sports Teams
WWE
NCAA
Football
Premier League
Basketball
Baseball
Hockey
Golf
Tennis
Cricket
Rugby
Auto Racing
Olympics
World Cup
Sports
Athletes
MLB
NBA
NHL
NFL
Soccer
Sports Teams
WWE
NCAA
Football
Premier League
Basketball
Baseball
Hockey
Golf
Tennis
Cricket
Rugby
Auto Racing
Olympics
World Cup
Random Quiz
Search Sporcle
×
Curator Pick
Curator Pick
Sports
WWE
Type in answers that appear in a list
Type in answers that appear in a list
Classic
Best Score? Go Orange.
Chyna's WWF/WWE/TNA PPV Opponents Stats
Can you name the WWF/WWE/TNA PPV Opponents of Chyna?
By
stevenjbd
6m
33 Questions
3,926 Plays
3,926 Plays
3,926 Plays
Comments
Comments
Give Quiz Kudos
Give Quiz Kudos
-
- Ratings
hide this ad
Replay
Link that replays current quiz
Next Quiz
Link to next quiz in quiz playlist
You Got
0%
They Got
Avg Score
71%
Avg Friend Score
Upgrade to see
Score Distribution
Jump to the score distribution portion of the page
Score
0/33
Timer
06:00
0
Plays Today
% Correct
Triple H
87.5%
Chris Jericho
86.7%
Chris Jericho
86.7%
Chris Jericho
86.7%
X Pac
83.4%
X Pac
83.4%
Lita
81.2%
Jeff Jarrett
79.8%
Jeff Jarrett
79.8%
Jeff Jarrett
79.8%
Trish Stratus
79.3%
Jeff Jarrett
79.1%
Road Dogg
77.6%
Road Dogg
77.5%
Eddie Guerrero
77.4%
Eddie Guerrero
77.4%
Eddie Guerrero
77.3%
% Correct
Karen Jarrett
77.2%
Ivory
77.1%
Ivory
77.1%
Stone Cold
75.1%
Chris Benoit
71%
Dean Malenko
66.7%
Dean Malenko
66.5%
Dean Malenko
66.5%
Perry Saturn
66.2%
Perry Saturn
66.2%
Bob Holly
59.8%
Val Venis
57.2%
Val Venis
57.1%
Val Venis
57.1%
Steven Richards
32.7%
Big Boss Man
27.9%
Quiz Playlist
Details
Report
Send in Message
Add To Playlist
Classic:
Type in answers that appear in a list
Last Updated: Feb 16, 2017
Curator Pick in
WWE
Quiz Scoreboard
CHALLENGE
Sign Up to Join the Scoreboard
Show All
Scores
Hide
Comments
May contain spoilers
Recently Published
Street Fighter Characters
by Artimus82
Gaming
60s
9x9 Crossword: Cartoon Network
by jackfrog10
Miscellaneous
3m
College Basketball Coaching Resumes
by pancakes188
Sports
9m
More to Explore
Quiz From the Vault
Featured Blog Post
Where Did the Easter Bunny Come From?
hide this ad
You Might Also Like...
Tags
WWE Quiz
Wrestling
WWF
Today's Top Quizzes in Sports
Browse Sports
hide this ad
Today's Top Quizzes in WWE
Browse WWE
Top Contributed Quizzes in Sports
1
2022 World Cup Stars
2
Les meilleurs buteurs des matchs entre le PSG et l’OM
3
FIFA Club World Cup Champions
4
Les entraîneurs de l'OM et du PSG au 21e siècle
5
Criteria MLB: Left Handed Sluggers
6
2023 MLB Unique Player Accomplishments
7
AFC Teams Reveal (Wrong Answers Minefield)
8
Players with Multiple 50 Home Run Seasons
9
5-to-1: FBS Animal Nicknames
10
5-to-1: UK Sports Teams
Explore More
Trending Topics
NBA
Anime
Marvel
Kpop
Crossword
Harry Potter
Disney
Pokémon
The Office
Puzzle
Soccer
NFL
Song
WWE
Country
hide this ad
More By:
stevenjbd
Quiz
Plays
Rating
Category
Featured
Created
WWE Top 30 Wrestlemania Matches
12,086
4.50
Sports
Mar 28, 2014
WWE Big 4 PPV Opponents of Stone Cold
8,815
4.65
Sports
Mar 19, 2014
Every WWE Female Big 4 PPV match
7,778
4.15
Sports
Apr 22, 2014
WWE women who've competed at a Wrestlemania
6,891
3.77
Sports
Aug 8, 2011
Gimme Five: WWE Attitude Era
6,129
4.78
Sports
Jun 23, 2016
Go to Creator's Profile
Score Distribution
Quiz Creator Spotlight
stevenjbd
Follow
Send a Message
Quizzes Created
-
Created Quiz Play Count
-
More By This Creator
Popular Quizzes Today
1
Find the US States - No Outlines Minefield
2
Find the Countries of Europe - No Outlines Minefield
3
The Countries of the World
4
Find the US States
5
Risky Map Clicking: Biggest States A-Z
6
US States
7
Popular People in 1961
8
Movies - When Are They Set?
More Sports Quizzes
Top Goalscorers World Cup 1998 Slideshow
Quiz Lab
Trending Quizzes
Risky Map Clicking: Least Populous States A-Z
Billboard Blitz: Aretha Franklin
Famous Russians: Author or Composer?
1-10 Letter G Words
Countries of the World: 200 Million BC
Recently Updated
Leaping Animals
pecheneg
Reality TV Shows (A-Z)
bhenderson79
Rickey Henderson's Hall of Fame Teammates
pecheneg
Champions League XIs: Arsenal
pecheneg
Quick Pick: Celebrities in WWE's Hall of Fame
aduchscher
A-Z Keypad Blitz II
pecheneg
Multiple Oscar Actors
pecheneg
Mystery Phrase Blitz: Oscar 'Best Actors'
pecheneg
F. Scott Fitzgerald Novels
LTH
Pick 3 Villains
ddd62291
Trending Topics
Harry Potter
Kpop
Anime
NBA
Crossword
Marvel
Disney
WWE
The Office
Soccer
Pokémon
Country
NFL
Puzzle
Song
Your Account Isn't Verified!
In order to create a playlist on Sporcle, you need to verify the email address you used during registration. Go to your
Sporcle Settings
to finish the process.
Report this User
Report this user for behavior that violates our
Community Guidelines
.
Details:
Send Report
Go to the Sporcle.com Mobile Site →
Comments